| 000 | 06526cam a22018134i 4500 | ||
|---|---|---|---|
| 003 | PE-LiUPU | ||
| 005 | 20250813165518.0 | ||
| 008 | 180601s2013 mx a rb 001 0 spa d | ||
| 020 | _a607150936X | ||
| 020 | _a9786071509369 | ||
| 035 | _a(Sirsi) a242162 | ||
| 040 |
_aPE-LiUPU _bspa _cPE-LiUPU _erda |
||
| 049 | _aPRUA | ||
| 082 | 0 | 4 |
_a618.9233 _bM14 _220 |
| 100 | 1 |
_aMadrazo de la Garza, José Armando, _eautor. |
|
| 245 | 1 | 0 |
_aNutrición y gastroenterología pediátrica / _cJosé Armando Madrazo de la Garza. |
| 264 | 1 |
_aMéxico : _bMcGraw-Hill Interamericana, _c2013. |
|
| 300 |
_axvii, 606 páginas : _bilustraciones ; _c23 centímetros |
||
| 336 |
_atext _2rdacontent |
||
| 337 |
_aunmediated _2rdamedia |
||
| 338 |
_avolume _2rdacarrier |
||
| 504 | _aBibliografía al final de cada cápitulo. | ||
| 504 | _aÍndice : páginas 597-606. | ||
| 505 | 0 | _aNutrición - Nutrigenómica -- Evaluación nutricional en pediatría -- Alimentación del recién nacido pretérmino -- Nutrición del lactante y preescolar -- Nutrición del adolescente -- Leche humana y fórmulas infantiles para el lactante sano -- Fórmulas especiales en gastroenterología pediátrica -- Suplementos dietéticos, vitaminas y fibra en pediatría -- Prebióticos y probióticos -- Nutrición enteral especializada -- Nutrición parenteral total en pediatría -- Talla baja nutricional -- Desnutrición en países emergentes -- Desnutrición en países desarrollados -- Sobrepeso y obesidad de los niños y adolecentes -- Trastornos de la alimentación -- Contenido nutrimental de los alimentos -- Nutrición en patologías gastrointestinales -- Nutrición en enfermedad por reflujo gastroesofágico -- Nutrición y alergias alimentarias -- Nutrición y enfermedad ácido-péptica en pediatría -- Nutrición y trastornos funcionales digestivos -- Nutrición en estreñimiento -- Nutrición y enfermedad celíaca -- Nutrición en el paciente con enfermedad inflamatoria intestinal -- Nutrición en enfermedad hepática crónica -- Nutrición y enfermedades del páncreas -- Gastroenterología pediátrica -- El médico de primer contacto y la gastroenterología pediátrica -- Reflujo gastroesofágico -- Alergias alimentarias -- Esofagitis eosinofílica en pediatría -- Gastritis y Helicobacter pylori -- Gastroenteritis infecciosa -- Diarrea persistente y diarrea intratable -- Enfermedad celíaca -- Síndrome de intestino corto -- Hemorragia de tubo digestivo no variceal en pediatría -- Hemorragia de tubo digestivo bajo -- Dispepsia y dolor abdominal funcional -- Síndrome de intestino irritable en pediatría -- Enfermedad inflamatoria intestinal -- Constipación en pediatría -- Enfermedades de hígado, vía biliar y páncreas -- Pancreatitis en pediatría -- Fibrosis quística -- Atresia de vías biliares -- Hepatitis neonatal idiopática -- Hepatitis por virus B y C -- Hepatitis por virus no hepatotrópicos -- Hepatitis autoinmune en pediatría -- Esteatohepatitis en pediatría -- Hipertensión portal -- Procedimientos diagnósticos y terapéuticos -- Litiasis vesicular en pediatría -- Pruebas diagnósticas de digestión y absorción con hidrógeno y metano espirados -- Estudios de imagen en gastroenterología -- Patología gastrointestinal --Vigilancia del pH y la impedancia esofágicos en pediatría --Endoscopia gastrointestinal diagnóstica -- Endoscopia terapéutica en pediatría --Estereoscopia y cápsula endoscópica en pediatría -- Ultrasonido endoscópico en pediatría -- Pruebas diagnósticas en los trastornos de la motilidad gastrointestinal. | |
| 526 | _aP203 | ||
| 526 | _aP200 | ||
| 526 | _aSEG65 | ||
| 526 | _aSEG64 | ||
| 526 | _aSEG63 | ||
| 526 | _aSEG62 | ||
| 526 | _aSEG61 | ||
| 526 | _aSEG60 | ||
| 526 | _aSEG59 | ||
| 526 | _aSEG58 | ||
| 526 | _aSEG57 | ||
| 526 | _aSEG56 | ||
| 526 | _aSEG55 | ||
| 526 | _aSEG54 | ||
| 526 | _aSEG53 | ||
| 526 | _aSEG52 | ||
| 526 | _aSEG51 | ||
| 526 | _aSEG50 | ||
| 526 | _aSEG49 | ||
| 526 | _aSEG48 | ||
| 526 | _aSEG47 | ||
| 526 | _aSEG46 | ||
| 526 | _aSEG24 | ||
| 526 | _aSEG23 | ||
| 526 | _aSEG22 | ||
| 526 | _aSEG21 | ||
| 526 | _aSEG20 | ||
| 526 | _aSEG19 | ||
| 526 | _aSEG18 | ||
| 526 | _aSEG17 | ||
| 526 | _aSEG16 | ||
| 526 | _aSEG14 | ||
| 526 | _aSEG13 | ||
| 526 | _aSEG12 | ||
| 526 | _aSEG11 | ||
| 526 | _aSEG10 | ||
| 526 | _aSEG09 | ||
| 526 | _aSEG06 | ||
| 526 | _aSEG05 | ||
| 526 | _aSEG04 | ||
| 526 | _aSEG03 | ||
| 526 | _aSEG02 | ||
| 526 | _aSEG68 | ||
| 526 | _aSEG66 | ||
| 526 | _aSEG45 | ||
| 526 | _aSEG25 | ||
| 526 | _aSEG01 | ||
| 526 | _aP163 | ||
| 526 | _aP162 | ||
| 526 | _aP161 | ||
| 526 | _aP160 | ||
| 526 | _aP159 | ||
| 526 | _aP158 | ||
| 526 | _aP157 | ||
| 526 | _aP156 | ||
| 526 | _aP155 | ||
| 526 | _aP154 | ||
| 526 | _aP153 | ||
| 526 | _aP152 | ||
| 526 | _aP151 | ||
| 526 | _aP150 | ||
| 526 | _aP149 | ||
| 526 | _aP142 | ||
| 526 | _aP141 | ||
| 526 | _aP140 | ||
| 526 | _aP139 | ||
| 526 | _aP138 | ||
| 526 | _aP137 | ||
| 526 | _aP132 | ||
| 526 | _aP131 | ||
| 526 | _aP130 | ||
| 526 | _aP126 | ||
| 526 | _aP125 | ||
| 526 | _aP124 | ||
| 526 | _aP123 | ||
| 526 | _aP115 | ||
| 526 | _aP122 | ||
| 526 | _aP121 | ||
| 526 | _aP116 | ||
| 526 | _a P114 | ||
| 526 | _aP112 | ||
| 526 | _aP111 | ||
| 526 | _aP104 | ||
| 526 | _aP103 | ||
| 526 | _aP102 | ||
| 526 | _aP101 | ||
| 526 | _aP100 | ||
| 526 | _aP96 | ||
| 526 | _aP95 | ||
| 526 | _aP93 | ||
| 526 | _aP92 | ||
| 526 | _aP91 | ||
| 526 | _aP88 | ||
| 526 | _aP83 | ||
| 526 | _aP82 | ||
| 526 | _aP79 | ||
| 526 | _aP78 | ||
| 526 | _aP75 | ||
| 526 | _aP74 | ||
| 526 | _aP71 | ||
| 526 | _aP69 | ||
| 526 | _a P51 | ||
| 526 | _aP49 | ||
| 526 | _aP48 | ||
| 526 | _aP47 | ||
| 526 | _aP33 | ||
| 526 | _aP31 | ||
| 526 | _a P30 | ||
| 526 | _aP29 | ||
| 526 | _aP27 | ||
| 526 | _aP26 | ||
| 526 | _aP25 | ||
| 526 | _aP24 | ||
| 526 | _a P22 | ||
| 526 | _aP10 | ||
| 526 | _aP09 | ||
| 526 | _a P08 | ||
| 526 | _aP06 | ||
| 526 | _aP05 | ||
| 526 | _aP04 | ||
| 526 | _aP01 | ||
| 650 | 0 | 4 | _aGastroenterologia pediátrica y nutrición. |
| 650 | 0 | 4 |
_aNiños _xNutrición. |
| 650 | 0 | 4 | _aPediatric gastroenterology and nutrition. |
| 650 | 0 | 4 |
_aChildren _xNutrition. |
| 910 | _adbm | ||
| 942 |
_2ddc _cBOOK |
||
| 999 |
_c27662 _d27662 |
||
| 980 |
_81 _gALBERTO SANCHEZ Responsable de Automatización |
||